000
00243nam a2200097Ia 4500
008
200302s9999 xx 000 0 und d
100
_a
Henri Stierlin & Other
245
_a
Ancient Mexico
260
_b
Benedikt Taschen Verlag Gmbh
300
_a
192 P.,
999
_c
854
_d
854